Chuyển đến nội dung

Кровь и иммунная система учебно-методическое пособие для студентов 2-го курса института ветеринарной медицины и биотехнологии по специальности 36.05.01 ветеринария очной и заочной формы обучения

Учебно-методическое пособие предназначено для студентов 2-го курса института ветеринарной медицины и биотехнологии по специальности 36.05.01 Ветеринария очной и заочной формы обучения....

Mô tả đầy đủ

Đã lưu trong:
Chi tiết về thư mục
Tác giả chính: Овсеенко Ю. В.
Tác giả khác: Горшкова Е. В.
Định dạng: Книга
Ngôn ngữ:Russian
Được phát hành: Брянск Брянский ГАУ 2023
Truy cập trực tuyến:https://e.lanbook.com/book/385607
https://e.lanbook.com/img/cover/book/385607.jpg
Các nhãn: Thêm thẻ
Không có thẻ, Là người đầu tiên thẻ bản ghi này!
LEADER 01661nam0a2200277 i 4500
001 385607
003 RuSpLAN
005 20240216150951.0
008 240216s2023 ru gs 000 0 rus
040 |a RuSpLAN 
041 0 |a rus 
044 |a ru 
080 |a 636:612.1 (07) 
084 |a 48  |2 rubbk 
245 0 0 |a Кровь и иммунная система  |b учебно-методическое пособие для студентов 2-го курса института ветеринарной медицины и биотехнологии по специальности 36.05.01 ветеринария очной и заочной формы обучения  |c Овсеенко Ю. В.,Горшкова Е. В. 
260 |a Брянск  |b Брянский ГАУ  |c 2023 
300 |a 42 с. 
504 |a Библиогр.: доступна в карточке книги, на сайте ЭБС Лань 
520 8 |a Учебно-методическое пособие предназначено для студентов 2-го курса института ветеринарной медицины и биотехнологии по специальности 36.05.01 Ветеринария очной и заочной формы обучения. 
521 8 |a Книга из коллекции Брянский ГАУ - Ветеринария и сельское хозяйство 
521 8 |a СЭБ 
100 1 |a Овсеенко Ю. В. 
700 1 |a Горшкова Е. В. 
856 4 |u https://e.lanbook.com/book/385607 
856 4 8 |u https://e.lanbook.com/img/cover/book/385607.jpg 
953 |a https://e.lanbook.com/img/cover/book/385607.jpg 
Cannot write session to /tmp/vufind_sessions/sess_2td9iu91hk5ob3rs43vsf0tqva